ロード中...

Encyclopedia of economics growth and development /

書誌詳細
その他の著者: Purohit, S G (編集者), Pravin Parmer (編集者)
フォーマット: Printed Book
言語:English
出版事項: Jaipur: Paradise publishers, 2016.
主題:
LEADER 01264 a2200241 4500
008 161223b xxu||||| |||| 00| 0 eng d
999 |c 113217  |d 113217 
020 |a 9789383099900 
082 |a 330.03 
245 |a Encyclopedia of economics growth and development /  |c S G Purohit and Pravin Parmar 
260 |b Paradise publishers,  |c 2016.  |a Jaipur: 
300 |a 5v.  |c 22cm. 
650 |a Economics 
650 |a Economic development 
650 |a Economic policy 
700 |a Purohit, S G  |e Editor 
700 |a Pravin Parmer  |e Editor 
942 |2 ddc  |c REF 
952 |0 0  |1 0  |2 ddc  |4 0  |6 330_030000000000000_ENC_1  |7 0  |9 120049  |a UL  |b UL  |c REF  |d 2016-12-28  |e 176  |g 5400.00  |h Vol. 1  |l 0  |o 330.03 ENC.1  |p 95143  |r 2016-12-23  |v 7500.00  |y REF 
952 |0 0  |1 0  |2 ddc  |4 0  |6 330_030000000000000_ENC_2  |7 0  |9 120635  |a UL  |b UL  |c REF  |d 2017-02-27  |h Vol. 2  |l 0  |o 330.03 ENC.2  |p 95144  |r 2017-02-27  |y REF 
952 |0 0  |1 0  |2 ddc  |4 0  |6 330_030000000000000_ENC_3  |7 0  |9 120636  |a UL  |b UL  |c REF  |d 2017-02-27  |h Vol. 3  |l 0  |o 330.03 ENC.3  |p 95145  |r 2017-02-27  |y REF 
952 |0 0  |1 0  |2 ddc  |4 0  |6 330_030000000000000_ENC_4  |7 0  |9 120637  |a UL  |b UL  |c REF  |d 2017-02-27  |h Vol. 4  |l 0  |o 330.03 ENC.4  |p 95146  |r 2017-02-27  |y REF 
952 |0 0  |1 0  |2 ddc  |4 0  |6 330_030000000000000_ENC_5  |7 0  |9 120638  |a UL  |b UL  |c REF  |d 2017-02-27  |h Vol. 5  |l 0  |o 330.03 ENC.5  |p 95147  |r 2017-02-27  |y REF